[Event "Aeroflot Open"]
[Site "Moscow RUS"]
[Date "2008.02.15"]
[Round "2"]
[White "Aleksandrov,A"]
[Black "Dyachkov,S"]
[Result "1-0"]
[WhiteElo "2618"]
[BlackElo "2559"]
[EventDate "2008.02.14"]

1. d4 Nf6 2. c4 g6 3. Nc3 Bg7 4. e4 d6 5. Be2 O-O 6. Bg5 c5 7. d5 e6 8. Qd2
exd5 9. exd5 Qb6 10. Bd3 Re8+ 11. Nge2 Ng4 12. b3 Na6 13. Rc1 h6 14. Bf4 g5
15. h3 Ne5 16. Bxe5 Bxe5 17. O-O Qd8 18. Bb1 f5 19. f4 gxf4 20. Kh1 Qg5 21.
Nxf4 Bd7 22. Nce2 Kh8 23. Rf3 Rg8 24. Rcf1 h5 25. Rg3 Qh6 26. Qe1 h4 27.
Rxg8+ Rxg8 28. Ne6 Bxe6 29. dxe6 Qg5 30. Rf2 f4 31. Ng1 Nc7 32. Nf3 Qf6 33.
Qe4 Rg7 34. Qxb7 Nxe6 35. Qa8+ Nd8 36. Be4 Qe7 37. Qc8 Rg8 38. Qf5 Ne6 39.
Nxe5 1-0

[Event "Aeroflot Open"]
[Site "Moscow RUS"]
[Date "2008.02.15"]
[Round "2"]
[White "Bocharov,D"]
[Black "Khairullin,I"]
[Result "1-0"]
[WhiteElo "2600"]
[BlackElo "2544"]
[EventDate "2008.02.14"]

1. d4 Nf6 2. c4 e6 3. Nc3 Bb4 4. Qc2 O-O 5. e4 d6 6. a3 Bxc3+ 7. bxc3 e5 8.
Bd3 Re8 9. Ne2 c5 10. d5 Nbd7 11. f3 Nf8 12. h4 h5 13. Ng3 Qa5 14. Bg5 N8h7
15. Bd2 Bd7 16. a4 g6 17. Nf1 Kf8 18. Ne3 Ke7 19. Be2 Kd8 20. Kf2 Re7 21.
Rhb1 Kc8 22. g3 Ne8 23. Kg2 Rb8 24. Rf1 Ng7 25. Bd3 Qd8 26. Rf2 a5 27. Raf1
b6 28. Nd1 f6 29. f4 Be8 30. f5 gxf5 31. Bh6 Bd7 32. Ne3 Qg8 33. Kh2 Kc7
34. Qd1 Nf8 35. Qf3 f4 36. gxf4 Qh7 37. fxe5 fxe5 38. Bg5 Ree8 39. Qf7 Ng6
40. Nf5 Rg8 41. Nxd6 Rbf8 42. Nb5+ Kc8 43. Na7+ Kc7 44. d6+ Kxd6 45. Nb5+
1-0

[Event "Aeroflot Open"]
[Site "Moscow RUS"]
[Date "2008.02.15"]
[Round "2"]
[White "Hou Yifan"]
[Black "Laznicka,V"]
[Result "1-0"]
[WhiteElo "2527"]
[BlackElo "2595"]
[EventDate "2008.02.14"]

1. e4 e5 2. Nf3 Nc6 3. Bb5 Nf6 4. O-O Nxe4 5. d4 Nd6 6. Bxc6 dxc6 7. dxe5
Nf5 8. Qxd8+ Kxd8 9. Nc3 Ne7 10. h3 Ng6 11. Bg5+ Ke8 12. Rad1 Be6 13. a3 h6
14. Be3 Be7 15. Nd4 Nxe5 16. Nxe6 fxe6 17. Bd4 Nc4 18. Bxg7 Rh7 19. Bd4 e5
20. Be3 Nxb2 21. Rb1 Bxa3 22. Ne4 Rf7 23. Bxh6 b5 24. f4 exf4 25. Bxf4 Nc4
26. g4 a5 27. g5 a4 28. Rbe1 Be7 29. h4 a3 30. g6 Rf5 31. Ng3 Rxf4 32. Rxf4
a2 33. Rfe4 a1=Q 34. Rxe7+ Kd8 35. g7 Qd4+ 36. Kg2 Qd5+ 37. Kh3 Nd6 38.
R1e6 Qxe6+ 39. Rxe6 Kd7 40. Rg6 Rg8 41. h5 1-0

[Event "Aeroflot Open"]
[Site "Moscow RUS"]
[Date "2008.02.15"]
[Round "2"]
[White "Lysyj,I"]
[Black "Le Quang Liem"]
[Result "1/2-1/2"]
[WhiteElo "2593"]
[BlackElo "2540"]
[EventDate "2008.02.14"]

1. d4 Nf6 2. c4 e6 3. Nc3 Bb4 4. Qc2 O-O 5. a3 Bxc3+ 6. Qxc3 b6 7. Bg5 Bb7
8. e3 d6 9. Ne2 Nbd7 10. Qc2 c5 11. Rd1 Qe7 12. Nc3 cxd4 13. Rxd4 Rac8 14.
Nb5 Rc5 15. Bh4 Rh5 16. Qd1 e5 17. Qxh5 exd4 18. Nxd4 Rc8 19. Bd3 Be4 20.
Qd1 d5 21. O-O Bxd3 22. Qxd3 dxc4 23. Qd1 c3 24. Qb3 cxb2 25. Qxb2 Qc5 26.
a4 h6 27. Bxf6 Nxf6 28. Qb5 Qc4 29. h3 Rc5 30. Qxc4 Rxc4 31. Ra1 a6 32. Nf5
h5 33. Nd6 Rb4 34. a5 b5 35. Rc1 Ra4 36. Rc8+ Kh7 37. Nxf7 Rxa5 38. Rb8
Ra1+ 39. Kh2 Ra2 40. f4 Kg6 41. Nd6 h4 42. Rh8 Rd2 43. f5+ Kg5 44. Rd8 Re2
45. Ra8 Nd5 46. Rxa6 b4 47. f6 Kxf6 48. Nc4+ Kf5 49. Ra5 Ke6 50. Ra6+ Ke7
51. Ra7+ Kf8 52. Ra8+ Kf7 53. Ra7+ Kg8 54. Rd7 Nxe3 55. Nxe3 Rxe3 56. Rd4
b3 57. Rxh4 b2 58. Rb4 Re2 59. Rb7 Kf8 60. Kg3 Ke8 61. Kf3 Rc2 62. g4 Rc3+
63. Kf4 Rxh3 64. Ke4 1/2-1/2

[Event "Aeroflot Open"]
[Site "Moscow RUS"]
[Date "2008.02.15"]
[Round "2"]
[White "Ionov,S"]
[Black "Jobava,Ba"]
[Result "0-1"]
[WhiteElo "2546"]
[BlackElo "2643"]
[EventDate "2008.02.14"]

1. Nf3 Nf6 2. c4 g6 3. Nc3 Bg7 4. g3 d6 5. d4 Nbd7 6. Bg2 e5 7. O-O O-O 8.
e4 a6 9. Re1 exd4 10. Nxd4 Ng4 11. Qxg4 Bxd4 12. Qe2 Ne5 13. Qd2 Ba7 14. b3
Bg4 15. Bb2 c6 16. Nd1 Qf6 17. Rc1 Rad8 18. Rc3 Qe6 19. Ne3 h5 20. Nc2 f5
21. exf5 Qxf5 22. Ne3 Qf7 23. f4 d5 24. cxd5 Rxd5 25. Bxd5 cxd5 26. fxe5 d4
27. Rd3 dxe3 28. Rdxe3 Bh3 0-1

[Event "Aeroflot Open"]
[Site "Moscow RUS"]
[Date "2008.02.15"]
[Round "2"]
[White "Volkov,Sergey1"]
[Black "Frolyanov,D"]
[Result "1/2-1/2"]
[WhiteElo "2623"]
[BlackElo "2544"]
[EventDate "2008.02.14"]

1. d4 d5 2. c4 e6 3. Nc3 c6 4. e4 dxe4 5. Nxe4 Bb4+ 6. Bd2 Qxd4 7. Bxb4
Qxe4+ 8. Be2 Na6 9. Ba5 b6 10. Qd6 Bd7 11. Bc3 f6 12. Nf3 Ne7 13. O-O-O
Qxe2 14. Qxd7+ Kf7 15. Qd4 Rhd8 16. Qg4 Kf8 17. Rde1 Qd3 18. Nd4 Rxd4 19.
Qxd4 Nb4 20. Qxd3 Nxd3+ 21. Kc2 Nxe1+ 22. Rxe1 e5 23. b4 Rd8 24. a4 a6 25.
Kb3 Kf7 26. Ra1 Ke6 27. Re1 Nf5 28. Kc2 Nh4 29. Rg1 Rd7 30. h3 e4 31. Bb2
f5 32. Bc1 b5 33. cxb5 cxb5 34. axb5 axb5 35. Be3 Ng6 36. Ra1 f4 37. Bd2
Kf5 38. Ra8 Rb7 39. Rc8 Ne5 40. Rc5 Ke6 41. Bxf4 Nd3 42. Rc6+ Kd7 43. Rd6+
Ke7 44. Bg3 Rd7 45. Rxd7+ Kxd7 46. Kc3 Ke6 47. Kd4 Nxb4 48. Kxe4 1/2-1/2

[Event "Aeroflot Open"]
[Site "Moscow RUS"]
[Date "2008.02.15"]
[Round "2"]
[White "Smirnov,P"]
[Black "Romanov,E"]
[Result "0-1"]
[WhiteElo "2599"]
[BlackElo "2543"]
[EventDate "2008.02.14"]

1. e4 e5 2. Nf3 Nc6 3. Bb5 a6 4. Ba4 Nf6 5. O-O Be7 6. Re1 b5 7. Bb3 d6 8.
c3 O-O 9. h3 Na5 10. Bc2 c5 11. d4 Qc7 12. d5 Bd7 13. Nbd2 c4 14. Nf1 Nb7
15. Ng3 Nc5 16. Be3 a5 17. a3 Rfb8 18. Nd2 Ne8 19. f4 Bd8 20. Kh2 Qc8 21.
Qe2 Bb6 22. Rf1 f6 23. Nh5 Qd8 24. Rf3 Bc8 25. Rg3 Kh8 26. f5 Ra7 27. Nf3
Nd7 28. Bd2 Nf8 29. Nh4 Qe7 30. Rf3 Bc5 31. g4 b4 32. axb4 axb4 33. Rxa7
Qxa7 34. g5 bxc3 35. Bxc3 fxg5 36. f6 g6 37. f7 Ng7 38. Nxg7 Kxg7 39. Ng2
g4 40. Rf1 gxh3 41. Nf4 Rb7 42. Qxc4 Rxf7 43. b4 Be3 44. Nxh3 0-1

[Event "Aeroflot Open"]
[Site "Moscow RUS"]
[Date "2008.02.15"]
[Round "2"]
[White "Popov,Iv RUS"]
[Black "Bindrich,F"]
[Result "1/2-1/2"]
[WhiteElo "2595"]
[BlackElo "2497"]
[EventDate "2008.02.14"]

1. e4 e5 2. Nf3 Nc6 3. Bc4 Bc5 4. c3 Nf6 5. d3 d6 6. Bb3 a6 7. h3 Ba7 8.
Nbd2 O-O 9. O-O Ne7 10. Re1 Ng6 11. Nf1 Nh5 12. d4 Bd7 13. Bg5 Qe8 14. Nh4
Nhf4 15. Nxg6 Nxg6 16. Ng3 Be6 17. Nf5 Qd7 18. g4 exd4 19. Nxd4 Rae8 20.
Ba4 b5 21. Bc2 d5 22. e5 c5 23. Nf5 Bxf5 24. Bxf5 Qc6 25. Bxg6 fxg6 26. Bh4
c4 27. Qe2 Rf4 28. Bg3 Re4 29. Qf3 Rf8 30. Qg2 Bc5 31. Kh2 g5 32. f3 Rxe1
33. Rxe1 h6 34. Qe2 d4 35. cxd4 Bxd4 36. e6 Re8 37. Kg2 Bf6 38. a3 Qd5 39.
Bc7 Qd4 40. Be5 Bxe5 41. Qxe5 Qxe5 42. Rxe5 Kf8 43. h4 Ke7 44. hxg5 hxg5
45. Rxg5 Kf6 46. f4 Rxe6 47. Rf5+ Kg6 48. Kf3 Rc6 49. Re5 c3 50. bxc3 Rxc3+
51. Re3 Rc6 52. g5 Rc1 53. Re6+ Kf5 54. Re5+ Kg6 55. Ke4 Rc4+ 56. Kf3 Rc1
57. Re6+ Kf5 58. Re5+ Kg6 59. Re6+ Kf5 60. Re5+ Kg6 61. Ke4 1/2-1/2

[Event "Aeroflot Open"]
[Site "Moscow RUS"]
[Date "2008.02.15"]
[Round "2"]
[White "Balogh,C"]
[Black "Cherniaev,A1"]
[Result "1-0"]
[WhiteElo "2575"]
[BlackElo "2491"]
[EventDate "2008.02.14"]

1. e4 c5 2. Nf3 e6 3. d4 cxd4 4. Nxd4 Nf6 5. Nc3 Nc6 6. Nb3 Bb4 7. Bd3 d5
8. O-O Bxc3 9. exd5 Qxd5 10. bxc3 O-O 11. c4 Qh5 12. Qxh5 Nxh5 13. Be3 Nf6
14. Rfd1 e5 15. h3 Re8 16. a3 h5 17. Rab1 g6 18. Nc5 Rb8 19. Bxg6 fxg6 20.
Rd6 Na5 21. Rxf6 Bf5 22. Rxf5 gxf5 23. Nd7 Ra8 24. Nf6+ Kf7 25. Nxe8 Kxe8
26. Rb5 Nxc4 27. Rxb7 1-0

[Event "Aeroflot Open"]
[Site "Moscow RUS"]
[Date "2008.02.15"]
[Round "2"]
[White "Brkic,A"]
[Black "Al Sayed,Mohamad"]
[Result "1-0"]
[WhiteElo "2558"]
[BlackElo "2486"]
[EventDate "2008.02.14"]

1. e4 c6 2. d4 d5 3. e5 Bf5 4. Nf3 e6 5. Be2 Nd7 6. O-O Ne7 7. Nbd2 Bg6 8.
Nh4 c5 9. c3 Nf5 10. Nxg6 hxg6 11. Nf3 Be7 12. c4 Nb6 13. dxc5 Bxc5 14.
cxd5 Nxd5 15. Qa4+ Kf8 16. g3 Qb6 17. Bd2 Nd4 18. Nxd4 Bxd4 19. Bf3 Qxb2
20. Bxd5 exd5 21. Rad1 Bc5 22. Bf4 Qe2 23. Rxd5 Bb6 24. Qd1 Qxa2 25. e6
fxe6 26. Rd7 Rh5 27. Be5 Bc5 28. Rd8+ Rxd8 29. Qxd8+ Kf7 30. Qc7+ Kg8 31.
Qxg7+ 1-0

[Event "Aeroflot Open"]
[Site "Moscow RUS"]
[Date "2008.02.15"]
[Round "2"]
[White "Pashikian,A"]
[Black "Melkumyan,H"]
[Result "0-1"]
[WhiteElo "2556"]
[BlackElo "2485"]
[EventDate "2008.02.14"]

1. d4 Nf6 2. c4 e6 3. g3 d5 4. Nf3 dxc4 5. Bg2 Bb4+ 6. Bd2 a5 7. e3 b5 8.
a4 Bb7 9. axb5 Nbd7 10. O-O O-O 11. Nc3 Qe8 12. Na2 Bd6 13. Nc3 Nb6 14. Re1
Bb4 15. Qb1 c5 16. bxc6 Qxc6 17. e4 h6 18. Qc2 Rfd8 19. Rad1 Rab8 20. Bf4
Rbc8 21. h3 Nbd7 22. g4 Nf8 23. Ne5 Qb6 24. Be3 Bxc3 25. bxc3 Qb3 26. Qc1
Bxe4 27. Bxe4 Nxe4 28. Bxh6 Qb7 29. Qf4 Nxc3 30. Bxg7 Kxg7 31. Qg5+ Ng6 32.
Nxg6 f6 33. Qxa5 Nxd1 34. Nf4 Qf3 35. Nh5+ Kg6 36. Rf1 Nc3 37. Qa7 Ne2+ 38.
Kh2 Rg8 0-1

[Event "Aeroflot Open"]
[Site "Moscow RUS"]
[Date "2008.02.16"]
[Round "3"]
[White "Nepomniachtchi,I"]
[Black "Dreev,A"]
[Result "1-0"]
[WhiteElo "2600"]
[BlackElo "2633"]
[EventDate "2008.02.14"]

1. e4 c5 2. Nf3 d6 3. d4 cxd4 4. Nxd4 Nf6 5. Nc3 Nc6 6. Bc4 Bd7 7. Bg5 Qa5
8. Bxf6 gxf6 9. Nb3 Qg5 10. g3 f5 11. e5 Be6 12. Bxe6 fxe6 13. Nd4 Nxd4 14.
Qxd4 Bg7 15. Qa4+ Kf7 16. exd6 Bxc3+ 17. bxc3 exd6 18. O-O Rhe8 19. Rad1 d5
20. c4 dxc4 21. Rd7+ Re7 22. Rfd1 Rae8 23. Qxa7 Qg4 24. Qe3 Rxd7 25. Rxd7+
Re7 26. Rd4 Qg7 27. a4 Rc7 28. Qf4 Kg6 29. c3 Qe7 30. Rxc4 e5 31. Rxc7 Qxc7
32. Qd2 Qc6 33. a5 Qc5 34. c4 e4 35. Qd8 Qe5 36. Qb6+ Kh5 37. Qxb7 Kg6 38.
a6 Qa1+ 39. Kg2 Qa3 40. Qb6+ Kf7 41. h4 1-0

[Event "Aeroflot Open"]
[Site "Moscow RUS"]
[Date "2008.02.16"]
[Round "3"]
[White "Timofeev,Arty"]
[Black "Feller,S"]
[Result "1/2-1/2"]
[WhiteElo "2664"]
[BlackElo "2522"]
[EventDate "2008.02.14"]

1. e4 e5 2. Nf3 Nc6 3. Bb5 Nf6 4. O-O Nxe4 5. d4 Nd6 6. Bxc6 dxc6 7. dxe5
Nf5 8. Qxd8+ Kxd8 9. Nc3 Ne7 10. h3 Bf5 11. Nd4 Bg6 12. f4 c5 13. Nf3 Bxc2
14. Rf2 Bg6 15. g4 f5 16. Ng5 b6 17. Be3 Kc8 18. Rd1 Kb7 19. Ne6 Nc6 20.
Rd7 Rc8 21. Nb5 Be8 22. Nxf8 Bxd7 23. Nxd7 Ne7 24. Rd2 fxg4 25. hxg4 h5 26.
Nxc5+ bxc5 27. Rd7 Kc6 28. Rxe7 Kxb5 29. gxh5 Rxh5 30. Kg2 g6 31. Rg7 Kc4
32. Rd7 Rch8 33. Kf3 R8h7 34. Rd2 Rh2 35. Bf2 Kb5 36. Rd5 Kb6 37. e6 Rxf2+
38. Kxf2 Re7 39. Re5 Kc6 40. Re3 Kd6 41. Ra3 Rxe6 42. Rxa7 Re4 43. Kf3 Re1
44. b3 Rc1 45. Ra8 c4 46. bxc4 Rxc4 47. Rg8 Rc3+ 48. Kg4 Ra3 49. Rxg6+ Kd5
50. Rg7 c5 51. Rd7+ Ke4 52. Rc7 Kd4 53. f5 Rxa2 54. f6 Rf2 55. Kg5 c4 56.
f7 c3 57. Kg6 Kd3 58. Kg7 c2 59. f8=Q Rxf8 1/2-1/2

[Event "Aeroflot Open"]
[Site "Moscow RUS"]
[Date "2008.02.16"]
[Round "3"]
[White "Najer,E"]
[Black "Jussupow,Ar"]
[Result "1-0"]
[WhiteElo "2634"]
[BlackElo "2585"]
[EventDate "2008.02.14"]

1. e4 e5 2. Nf3 Nf6 3. d4 Nxe4 4. dxe5 d5 5. Nbd2 Be7 6. Nxe4 dxe4 7. Qxd8+
Bxd8 8. Nd4 Bd7 9. Bf4 Nc6 10. O-O-O g5 11. Nxc6 gxf4 12. Nxd8 Rxd8 13. g3
Bc6 14. Rxd8+ Kxd8 15. gxf4 e3 16. Rg1 exf2 17. Rg3 Ke7 18. Kd2 Rd8+ 19.
Ke3 Rd1 20. Kxf2 Rd2+ 21. Ke3 Rxc2 22. Rh3 Bd7 23. Rxh7 Bf5 24. Rh5 Bg6 25.
Rg5 Rxh2 26. f5 Rh5 27. Kf4 Rxg5 28. Kxg5 Bh7 29. Bd3 f6+ 30. exf6+ Kf8 31.
Bc4 Bg8 32. Bxg8 Kxg8 33. Kg6 Kf8 34. f7 c5 35. a4 b6 36. Kf6 1-0

[Event "Aeroflot Open"]
[Site "Moscow RUS"]
[Date "2008.02.16"]
[Round "3"]
[White "Evdokimov,Alexa"]
[Black "Aleksandrov,A"]
[Result "1/2-1/2"]
[WhiteElo "2569"]
[BlackElo "2618"]
[EventDate "2008.02.14"]

1. d4 Nf6 2. c4 e6 3. Nf3 d5 4. Nc3 Bb4 5. cxd5 exd5 6. Bg5 Nbd7 7. Rc1 c6
8. a3 Bd6 9. e3 O-O 10. Bd3 Re8 11. O-O Nf8 12. Re1 Bg4 13. Bh4 Ng6 14. Bg3
Ne4 15. Bxd6 Nxd6 16. h3 Bxf3 17. Qxf3 f5 18. g3 Ne7 19. Na4 Kh8 20. Nc5 b6
21. Ne6 Qd7 22. Nf4 g5 23. Nh5 Rf8 24. Rc2 Rf7 25. Rec1 Raf8 26. Qg2 a5 27.
Qh2 Ne8 28. h4 g4 29. Qg2 Ng7 1/2-1/2

[Event "Aeroflot Open"]
[Site "Moscow RUS"]
[Date "2008.02.16"]
[Round "3"]
[White "Guseinov,G"]
[Black "Nguyen Ngoc Truong Son"]
[Result "1-0"]
[WhiteElo "2617"]
[BlackElo "2551"]
[EventDate "2008.02.14"]

1. e4 c5 2. Nc3 e6 3. Nf3 a6 4. d4 cxd4 5. Nxd4 Qc7 6. g3 Bb4 7. Bd2 Nf6 8.
Bg2 Nc6 9. Nb3 O-O 10. O-O Be7 11. f4 d6 12. g4 d5 13. exd5 Nb4 14. g5
Nfxd5 15. f5 Nxc3 16. bxc3 Nd5 17. f6 Bc5+ 18. Kh1 g6 19. Qe1 Ba7 20. Qh4
h5 21. gxh6 Kh7 22. c4 Ne3 23. Bxe3 Bxe3 24. Rae1 Bxh6 25. Re4 Bd7 26. Qh3
e5 27. Qg3 Rac8 28. Rh4 Qxc4 29. Rxc4 Rxc4 30. Qxe5 Rxc2 31. Nd4 Rd2 32.
Nf3 Rxa2 33. Qd5 Be6 34. Ng5+ Bxg5 35. Qxg5 Rh8 36. Re1 Ra4 37. Be4 1-0

[Event "Aeroflot Open"]
[Site "Moscow RUS"]
[Date "2008.02.16"]
[Round "3"]
[White "Grachev,B"]
[Black "Hou Yifan"]
[Result "1-0"]
[WhiteElo "2601"]
[BlackElo "2527"]
[EventDate "2008.02.14"]

1. Nf3 Nf6 2. c4 e6 3. Nc3 Bb4 4. Qc2 O-O 5. e3 d6 6. Be2 Bxc3 7. Qxc3 b6
8. O-O Bb7 9. b4 Ne4 10. Qc2 f5 11. Bb2 Nd7 12. d3 Ng5 13. Qd1 a5 14. a3
axb4 15. axb4 Rxa1 16. Bxa1 Nxf3+ 17. Bxf3 Bxf3 18. Qxf3 Qa8 19. Qg3 Nf6
20. c5 bxc5 21. bxc5 Qa6 22. e4 e5 23. exf5 Nh5 24. Qg4 Nf4 25. g3 Nxd3 26.
cxd6 cxd6 27. Qe4 h6 28. Rd1 Nc5 29. Qd5+ Kh7 30. Qxd6 Qxd6 31. Rxd6 Rxf5
32. Rd5 Ne6 33. f4 Rf7 34. Bxe5 g5 35. Rd6 Nc5 36. Kg2 Nd7 37. Bd4 gxf4 38.
gxf4 Nf8 39. Kf3 Ng6 40. Bf6 Ne7 41. Ke4 Nc8 42. Re6 Rb7 43. f5 h5 44. Kf4
Kg8 45. Be5 Ne7 46. Bd6 Nd5+ 47. Kg5 Kf7 48. Rh6 Rb5 49. Rh7+ Ke8 50. f6
Ne7+ 51. Kf4 Nd5+ 52. Kf5 Nc7+ 53. Ke4 1-0

[Event "Aeroflot Open"]
[Site "Moscow RUS"]
[Date "2008.02.16"]
[Round "3"]
[White "Jobava,Ba"]
[Black "Maletin,P"]
[Result "1-0"]
[WhiteElo "2643"]
[BlackElo "2573"]
[EventDate "2008.02.14"]

1. d4 Nf6 2. c4 e6 3. Nc3 Bb4 4. e3 b6 5. Nge2 Ba6 6. a3 Bxc3+ 7. Nxc3 d5
8. b4 O-O 9. b5 Bb7 10. a4 dxc4 11. Bxc4 Bxg2 12. Rg1 Bb7 13. Bb2 Nbd7 14.
e4 e5 15. f4 exd4 16. Qxd4 Qe7 17. O-O-O Rad8 18. Rg5 h6 19. Rg2 Kh8 20.
Rdg1 Rg8 21. Nd5 Bxd5 22. exd5 Rde8 23. Bd3 Qc5+ 24. Qxc5 Nxc5 25. Bc2 Nh5
26. Rg4 Nxa4 27. Bxa4 Re4 28. f5 Nf4 29. Bc2 1-0

[Event "Aeroflot Open"]
[Site "Moscow RUS"]
[Date "2008.02.16"]
[Round "3"]
[White "Romanov,E"]
[Black "Khalifman,A"]
[Result "1-0"]
[WhiteElo "2543"]
[BlackElo "2638"]
[EventDate "2008.02.14"]

1. d4 Nf6 2. c4 g6 3. Nc3 Bg7 4. e4 d6 5. h3 O-O 6. Bg5 Qe8 7. Bd3 e5 8. d5
Na6 9. g4 c6 10. Nge2 Nc5 11. Bc2 cxd5 12. exd5 e4 13. Nb5 Qe7 14. Qd2 Bd7
15. Nbc3 Rfe8 16. Kf1 a6 17. a4 Rac8 18. Ng3 Qd8 19. Kg2 Qb6 20. a5 Qb4 21.
Ncxe4 Qxb2 22. Nxd6 h6 23. Rhb1 Qxa1 24. Rxa1 hxg5 25. Nxe8 Nxe8 26. Re1
Bf6 27. f4 Nd6 28. fxg5 Nxc4 29. Qf4 Bc3 30. Re7 1-0

[Event "Aeroflot Open"]
[Site "Moscow RUS"]
[Date "2008.02.16"]
[Round "3"]
[White "Melkumyan,H"]
[Black "Lysyj,I"]
[Result "1/2-1/2"]
[WhiteElo "2485"]
[BlackElo "2593"]
[EventDate "2008.02.14"]

1. d4 e6 2. c4 Nf6 3. Nf3 b6 4. g3 Bb7 5. Bg2 Bb4+ 6. Bd2 Bxd2+ 7. Qxd2 O-O
8. Nc3 Ne4 9. Qc2 Nxc3 10. Ng5 Ne4 11. Bxe4 Bxe4 12. Qxe4 Qxg5 13. Qxa8 Nc6
14. Qb7 Nxd4 15. Rd1 c5 16. e3 Nc2+ 17. Kf1 Qg4 18. Rxd7 Qxc4+ 19. Kg2
Nxe3+ 20. fxe3 Qe2+ 21. Kg1 Qe1+ 1/2-1/2

[Event "Aeroflot Open"]
[Site "Moscow RUS"]
[Date "2008.02.16"]
[Round "3"]
[White "Le Quang Liem"]
[Black "Mamedov,Rau"]
[Result "0-1"]
[WhiteElo "2540"]
[BlackElo "2583"]
[EventDate "2008.02.14"]

1. d4 d6 2. e4 e5 3. Nf3 exd4 4. Nxd4 Nf6 5. Nc3 g6 6. Be3 Bg7 7. Qd2 O-O
8. O-O-O Re8 9. f3 a6 10. h4 b5 11. Bg5 Bb7 12. h5 Nbd7 13. hxg6 fxg6 14.
Nd5 Re5 15. Nxf6+ Nxf6 16. Bf4 Re7 17. c4 Qf8 18. cxb5 axb5 19. Nxb5 Qf7
20. Nc3 Nxe4 21. Nxe4 Rxa2 22. Nc3 Bxc3 23. Qxc3 Qxf4+ 24. Kc2 Qa4+ 25. Kd2
Bd5 26. g3 Qa7 27. Kc2 c6 28. Rh2 Rb7 29. Rb1 Rb3 30. Qf6 Qc5+ 31. Kd2 Qe3+
32. Kc2 Rbxb2+ 33. Rxb2 Bb3+ 0-1

[Event "Aeroflot Open"]
[Site "Moscow RUS"]
[Date "2008.02.16"]
[Round "3"]
[White "Minasian,Art"]
[Black "Olafsson,H1"]
[Result "1/2-1/2"]
[WhiteElo "2578"]
[BlackElo "2531"]
[EventDate "2008.02.14"]

1. e4 c5 2. Nf3 Nc6 3. Bb5 d6 4. O-O Bd7 5. Re1 Nf6 6. c3 a6 7. Bf1 Bg4 8.
d3 e6 9. Nbd2 Be7 10. h3 Bxf3 11. Nxf3 O-O 12. a3 b5 13. d4 cxd4 14. cxd4
d5 15. e5 Ne4 16. Bd3 Rc8 17. Bxe4 dxe4 18. Rxe4 Qd5 19. Qd3 Na5 20. Bf4
Nb3 21. Rd1 Rfd8 22. Re3 Na5 23. Ng5 Bxg5 24. Bxg5 Nc4 25. Rg3 Nxb2 26. Qd2
Nc4 27. Qf4 Nxe5 28. Bxd8 Rxd8 29. Qg5 g6 30. Qh6 Nc4 31. Rg4 Rd7 32. Rh4
f5 33. Rd3 e5 34. Rg3 Qf7 35. Qg5 e4 36. Rf4 Nd6 37. h4 Qe7 38. h5 Qxg5 39.
Rxg5 Kg7 40. hxg6 hxg6 41. Rg3 Kf6 42. Rh4 Nf7 43. Rc3 Rxd4 44. f4 Nd6 45.
Rh8 Nc4 46. Ra8 Rd6 47. a4 Rb6 48. axb5 axb5 49. Kf2 Ke6 50. Rg3 Kd5 51.
Rd8+ Kc5 52. Rc8+ Kb4 53. Rg8 e3+ 54. Ke2 Kc3 55. R3xg6 Rxg6 56. Rxg6 b4
57. g4 fxg4 58. Rxg4 b3 59. f5 1/2-1/2

[Event "Aeroflot Open"]
[Site "Moscow RUS"]
[Date "2008.02.16"]
[Round "3"]
[White "Riazantsev,A"]
[Black "Kotanjian,T"]
[Result "1-0"]
[WhiteElo "2628"]
[BlackElo "2545"]
[EventDate "2008.02.14"]

1. d4 d5 2. c4 c6 3. Nf3 Nf6 4. e3 a6 5. Nc3 b5 6. b3 Bg4 7. Bd2 e6 8. h3
Bxf3 9. Qxf3 Bb4 10. Bd3 Qa5 11. Rc1 bxc4 12. bxc4 Nbd7 13. O-O O-O 14. a3
Bxc3 15. Rxc3 c5 16. Rd1 Qb6 17. Rb1 Qd6 18. Rcc1 Rfc8 19. cxd5 exd5 20.
dxc5 Nxc5 21. Bf5 Ne6 22. Bb4 Qe5 23. Bd3 Rxc1+ 24. Rxc1 Ne4 25. Bxa6 Qb2
26. Rc6 Nd8 27. Rb6 Qc1+ 28. Bf1 Rc8 29. Rb5 Nc6 30. Rb7 Nf6 31. Bd6 d4 32.
exd4 Nxd4 33. Qe3 Qc6 34. Qe7 Qd5 35. Qc7 Re8 36. Bc4 1-0

[Event "Aeroflot Open"]
[Site "Moscow RUS"]
[Date "2008.02.16"]
[Round "3"]
[White "Khairullin,I"]
[Black "Volkov,Sergey1"]
[Result "1/2-1/2"]
[WhiteElo "2544"]
[BlackElo "2623"]
[EventDate "2008.02.14"]

1. e4 e6 2. d4 d5 3. e5 c5 4. c3 Qb6 5. Nf3 Bd7 6. Bd3 cxd4 7. Nxd4 Bc5 8.
Qg4 Ne7 9. O-O Ng6 10. Nf3 Bb5 11. Bxb5+ Qxb5 12. Nbd2 Nd7 13. c4 Qc6 14.
b3 Ndxe5 15. Nxe5 Nxe5 16. Qxg7 Ng6 17. Nf3 Bf8 18. Qd4 dxc4 19. Bg5 c3 20.
Rad1 Be7 21. Qg7 Bf8 22. Qd4 Be7 23. Qg7 Bf8 1/2-1/2

[Event "Aeroflot Open"]
[Site "Moscow RUS"]
[Date "2008.02.16"]
[Round "3"]
[White "Frolyanov,D"]
[Black "Chuprov,D"]
[Result "1-0"]
[WhiteElo "2544"]
[BlackElo "2596"]
[EventDate "2008.02.14"]

1. e4 e5 2. Nf3 d6 3. d4 exd4 4. Nxd4 Nf6 5. Nc3 Be7 6. Be2 O-O 7. Be3 Re8
8. Nf5 Bxf5 9. exf5 d5 10. g4 Nc6 11. Nb5 a6 12. Nd4 Nxd4 13. Qxd4 c5 14.
Qd3 d4 15. Bd2 Bd6 16. O-O-O Ne4 17. Be1 Qc7 18. Kb1 Rad8 19. h4 b5 20. Qf3
b4 21. Bc4 Rb8 22. Ka1 a5 23. g5 Kh8 24. f6 Bf8 25. Bd2 Nxd2 26. Rxd2 a4
27. h5 Rb6 28. fxg7+ Bxg7 29. Re2 Rxe2 30. Qxe2 Rb8 31. Re1 d3 32. Bxd3 c4
33. Bxc4 a3 34. Qe8+ Bf8 35. Qe4 Bg7 36. Kb1 Bxb2 37. h6 Rf8 38. Bd3 f5 39.
Qxf5 Qd8 1-0

[Event "Aeroflot Open"]
[Site "Moscow RUS"]
[Date "2008.02.16"]
[Round "3"]
[White "Andriasian,Z"]
[Black "Laznicka,V"]
[Result "1/2-1/2"]
[WhiteElo "2532"]
[BlackElo "2595"]
[EventDate "2008.02.14"]

1. d4 d5 2. c4 c6 3. Nc3 Nf6 4. Nf3 a6 5. cxd5 cxd5 6. Bf4 Nc6 7. Rc1 Bf5
8. Ne5 Rc8 9. f3 Nxe5 10. dxe5 d4 11. e4 dxc3 12. exf5 Nd5 13. bxc3 e6 14.
fxe6 fxe6 15. Bd2 Bc5 16. Qa4+ Rc6 17. Qe4 O-O 18. Bd3 Rf5 19. h4 Qc7 20.
f4 Ba3 21. Rb1 Nxc3 22. Bxc3 Rxc3 23. Rxb7 Qa5 24. Ke2 Bc1 25. Rb8+ Kf7 26.
Qb7+ Kg6 27. Bxf5+ Kh6 28. Rd1 Qxa2+ 29. Kf1 Qc4+ 30. Kg1 exf5 31. Qd7 Be3+
32. Kh1 Rc1 33. Rb7 Rxd1+ 34. Qxd1 Qxf4 35. Qf3 Qxe5 36. Rb1 Bd4 37. Rf1 g6
38. g4 fxg4 39. Qxg4 a5 40. Qf4+ Kh5 41. Kg2 a4 42. Qxe5+ Bxe5 43. Rf7 h6
44. Ra7 Kxh4 45. Rxa4+ Kg5 46. Ra6 Bf6 47. Ra5+ Kf4 48. Ra6 Kf5 49. Ra5+
Be5 50. Ra6 h5 51. Rxg6 Kxg6 1/2-1/2

[Event "Aeroflot Open"]
[Site "Moscow RUS"]
[Date "2008.02.16"]
[Round "3"]
[White "Parligras,M"]
[Black "Pavlovic,Milos"]
[Result "0-1"]
[WhiteElo "2574"]
[BlackElo "2522"]
[EventDate "2008.02.14"]

1. e4 e5 2. Nf3 Nc6 3. Bb5 a6 4. Ba4 Nf6 5. O-O Be7 6. Re1 b5 7. Bb3 O-O 8.
d4 d6 9. c3 Bg4 10. d5 Na5 11. Bc2 c6 12. h3 Bc8 13. dxc6 Qc7 14. Nbd2 Qxc6
15. Nf1 Nc4 16. a4 Re8 17. Ng3 Be6 18. Ng5 Bd7 19. b3 Na5 20. Bd2 Bd8 21.
Qe2 h6 22. Nf3 Be6 23. axb5 axb5 24. Reb1 Be7 25. Be1 Qb6 26. Nh4 Bf8 27.
Nhf5 g6 28. Ne3 Bg7 29. Bd2 b4 30. cxb4 Nc6 31. Nc4 Qc7 32. Qd1 Rxa1 33.
Rxa1 Nd4 34. Bd3 d5 35. exd5 Nxd5 36. Ne4 Nf4 37. Bf1 Bd5 38. Bxf4 exf4 39.
Nc3 Bc6 40. b5 Bxb5 41. Nxb5 Nxb5 42. Ra6 Rd8 43. Qf3 Nd4 44. Qe4 Kh7 45.
Rb6 Rd7 46. b4 f3 47. gxf3 Re7 48. Qd3 Qf4 49. Kg2 Re1 50. Ra6 Nf5 51. Ra3
Bd4 52. b5 Bxf2 0-1

[Event "Aeroflot Open"]
[Site "Moscow RUS"]
[Date "2008.02.16"]
[Round "3"]
[White "Bindrich,F"]
[Black "Meier,Geo"]
[Result "1-0"]
[WhiteElo "2497"]
[BlackElo "2570"]
[EventDate "2008.02.14"]

1. e4 e6 2. d4 d5 3. Nc3 dxe4 4. Nxe4 Nd7 5. Nf3 Ngf6 6. Nxf6+ Nxf6 7. Bc4
Be7 8. O-O O-O 9. Qe2 b6 10. Rd1 Bb7 11. c3 Qc8 12. Bg5 c5 13. Ne5 Rd8 14.
f4 Bd5 15. Bd3 Qc7 16. Re1 b5 17. Bxb5 cxd4 18. c4 d3 19. Nxd3 Bxc4 20.
Bxc4 Qxc4 21. Ne5 Qxe2 22. Rxe2 Rac8 23. Bh4 Rd4 24. Bf2 Rxf4 25. Bxa7 Nd5
26. a3 Ra4 27. Bf2 h5 28. Rd1 Rc7 29. g3 Bf6 30. Rd4 Ra8 31. Rd3 Rc1+ 32.
Kg2 Rb1 33. Nd7 Bg5 34. Rb3 Rd8 35. Rb7 Rc8 36. Ne5 Be7 37. a4 Rc7 38. Rb8+
Kh7 39. Nxf7 Bf6 40. Nd8 e5 41. a5 Ra1 42. Ne6 Re7 43. Nf8+ Kh6 44. Rb5 Nc7
45. Rc5 Rf7 46. Be3+ g5 47. h4 Rxf8 48. hxg5+ Bxg5 49. Rc6+ Kg7 50. Bxg5
1-0